000 00702nam a2200229 i 4500
001 bg
100 1 _aDMOWSKI, Stanisław.
245 1 0 _aKomentarz do kodeksu cywilnego.
_nKs. 1, Część ogólna /
_cStanisław Dmowski, Stanisław Rudnicki.
250 _aStan prawny na dzień 1 stycznia 1998 r.
260 _aWarszawa :
_bWydaw. Prawnicze,
_c1998.
300 _a286, [2] s. ;
_c24 cm.
504 _aIndeks.
650 9 _aPrawo cywilne
_zPolska
_ystan na 1998 r.
700 1 _aRUDNICKI, Stanisław
_d(1926- ).
020 _a8321907490
040 _cBPK
041 0 _apl
080 _a347(438)(094.5.07)
920 _a83-219-0749-0
942 _cKS
008 s pl f |000 0 pol
999 _c33698
_d33698
856 _uhttp://koha.tu.koszalin.pl/cgi-bin/koha/opac-detail.pl?biblionumber=33698
_yKatalog online BPK